Clay mineralogy of quaternary loess-paleosol sections at Beremend and Paks, Hungary a comparative study /
Elmentve itt :
| Szerzők: | |
|---|---|
| Testületi szerző: | |
| Dokumentumtípus: | Cikk |
| Megjelent: |
Department of Mineralogy, Geochemistry and Petrology, University of Szeged
Szeged
2012
|
| Sorozat: | Acta mineralogica-petrographica
7 Acta mineralogica-petrographica : abstract series 7 |
| Kulcsszavak: | Földtan - előadáskivonat, Kőzettan - előadáskivonat, Ásványtan - előadáskivonat |
| Tárgyszavak: | |
| Online Access: | http://acta.bibl.u-szeged.hu/33050 |
| LEADER | 01174nab a2200265 i 4500 | ||
|---|---|---|---|
| 001 | acta33050 | ||
| 005 | 20260212143038.0 | ||
| 008 | 161017s2012 hu o 000 eng d | ||
| 022 | |a 0365-8066 | ||
| 040 | |a SZTE Egyetemi Kiadványok Repozitórium |b hun | ||
| 041 | |a eng | ||
| 100 | 1 | |a Raucsik Béla | |
| 245 | 1 | 0 | |a Clay mineralogy of quaternary loess-paleosol sections at Beremend and Paks, Hungary |h [elektronikus dokumentum] : |b a comparative study / |c Raucsik Béla |
| 260 | |a Department of Mineralogy, Geochemistry and Petrology, University of Szeged |b Szeged |c 2012 | ||
| 300 | |a 117 | ||
| 490 | 0 | |a Acta mineralogica-petrographica |v 7 | |
| 490 | 0 | |a Acta mineralogica-petrographica : abstract series |v 7 | |
| 650 | 4 | |a Természettudományok | |
| 650 | 4 | |a Föld- és kapcsolódó környezettudományok | |
| 695 | |a Földtan - előadáskivonat, Kőzettan - előadáskivonat, Ásványtan - előadáskivonat | ||
| 700 | 0 | 1 | |a Varga A. |e aut |
| 700 | 0 | 1 | |a Kovács J. |e aut |
| 700 | 0 | 1 | |a Udvardi Beatrix |e aut |
| 710 | |a Mineral Sciences in the Carpathians Conference (5.) (2012) (Miskolc) | ||
| 856 | 4 | 0 | |u http://acta.bibl.u-szeged.hu/33050/1/mineralogica_as_007_117.pdf |z Dokumentum-elérés |